MARC

LEADER 00000nam0a2200000 4500
001 251505
005 20231101232649.0
010 |a 5020033626 
020 |a RU  |b 89-23309 
035 |a (RuTPU)RU\TPU\book\273805 
090 |a 251505 
100 |a 20140221d1989 k y0rusy5003 ca 
101 0 |a rus 
102 |a RU 
105 |a a z 001zy 
200 1 |a Динамические обстановки прибрежно-морского рельефообразования и осадконакопления  |f Ю. С. Долотов  |g Академия наук СССР (АН СССР), Отделение океанологии, физики атмосферы и географии ; под ред. А. А. Аксенова 
210 |a Москва  |c Наука  |d 1989 
215 |a 268,[1] с.  |c ил. 
320 |a Библиогр.: с. 239-265. 
606 1 |a Вечная мерзлота, шельфовая  |2 stltpush  |3 (RuTPU)RU\TPU\subj\2342  |9 30922 
610 1 |a шельфы 
610 1 |a осадкообразование 
610 1 |a рельефы 
610 1 |a рельефообразование 
610 1 |a прибрежные зоны 
610 1 |a осадочные толщи 
675 |a 551.351.2  |z rus 
700 1 |a Долотов  |b Ю. С.  |g Юрий Сергеевич 
702 1 |a Аксенов  |b А. А.  |4 340 
712 0 2 |a Академия наук СССР (АН СССР)  |b Отделение океанологии, физики атмосферы и географии  |2 stltpush  |3 (RuTPU)RU\TPU\col\722 
801 0 |a RU  |b RuMRKP  |c 19950417  |g psbo 
801 1 |a RU  |b 63413507  |c 20140221 
801 2 |a RU  |b 63413507  |c 20140319  |g RCR 
942 |c BK